01002nam a2200253Ia 450000500170000000800410001702000180005804000350007604100080011108200170011910000330013624501160016925000230028526400510030830000520035933600270041133700330043833800280047149000830049952100550058253400140063765000510065170000460070220220317001949.0200115s2019 ck 000 0 spa d a9789585808577 aCO-BoRNBPbspaerdacCO-BoRNBP0 aspa04a770.11bP73s1 aPriceCabrera, Nataliaeautor11a#Sinfiltro bcreatividad en la fotografía cNatalia PriceCabrera ; traducción Francisco Rosés Martínez  aEdición especial 1aBogotá bFondo Cultural Iberoamericanoc2019 a143 páginas bilustraciones en color c 17 cm 2rdacontentatextobtxt 2rdamediaasin mediaciónbn 2rdacarrieravolumenbnc0 aPlan Nacional de Lectura y Escritura Leer es mi Cuento / Ministerio de Cultura aRecomendado para un público mayor de 15 años.  t#NoFilter17aFotografía 2LEMBxTécnica xEnseñanza1 aRosés Martínez, Franciscoetraductor